MARC details
| 000 -BAŞLIK |
| Sabit Uzunluktaki Kontrol Alanı |
01744nam a22004457a 4500 |
| 001 - KONTROL NUMARASI |
| Control Dosyası |
0051326 |
| 003 - KONTROL NUMARASI KİMLİĞİ |
| Kontrol Alanı |
KOHA_MİRAKIL |
| 005 - EN SON İŞLEM TARİHİ ve ZAMANI |
| Kontrol Alanı |
20260207003801.0 |
| 007 - FİZİKSEL TANIM SABİT ALAN - GENEL BİLGİ |
| Sabit uzunluklu kontrol alanı |
ta |
| 008 - SABİT UZUNLUKTAKİ VERİ ÖGELERİ - GENEL BİLGİ |
| Sabit Alan |
150629b2013 tu |||gr||||#||||0|tur | |
| 020 ## - ISBN - ULUSLARARASI STANDART KİTAP NUMARASI |
| Isbn |
9786051335599 |
| 040 ## - KATALOGLAMA KAYNAĞI |
| Özgün Kataloglama Kurumu |
TR-BiSEU |
| Kataloglama Dili |
tur |
| Çeviri Kurumu |
TR-BiSEU |
| Açıklama Kuralları |
rda |
| 041 0# - DİL KODU |
| Metin ya da ses kaydının dil kodu |
tur |
| 044 ## - YAYINLAYAN/ÜRETEN KURULUŞUN ÜLKE KODU |
| ISO country code |
tu |
| 050 ## - SINIFLAMA ve YER NUMARASI |
| Sınıflama Numarası |
DK851 |
| Yer Numarası |
.A97 2013 |
| 245 0# - ESER ADI BİLDİRİMİ |
| Başlık |
Avrasya Paradoksu Beklentiler Ve Endişeler/ |
| Sorumluluk Bildirimi |
Reha Yılmaz, Galip Çağ, Mehmet Akif Okur, Hatice Yazgan, Sadat Demirci; Editör Reha Yılmaz. |
| 264 #1 - ÜRERİM, YAYIN, DAĞITIM ve TELİF BİLDİRİMİ |
| Yayın yeri |
Ankara : |
| Yayınlayan |
Nobel |
| Yayın tarihi |
2013 |
| 300 ## - FİZİKSEL TANIMLAMA |
| Sayfa, Cilt vb. |
VIII, 132 sayfa; 23 cm. |
| 336 ## - İÇERİK TÜRÜ |
| Content type term |
metin |
| Content type code |
txt |
| Source |
rdacontent |
| 337 ## - MEDYA TÜRÜ |
| Media type term |
aracısız |
| Media type code |
n |
| Source |
rdamedia |
| 338 ## - TAŞIYICI TÜRÜ |
| Carrier type term |
cilt |
| Carrier type code |
nc |
| Source |
rdacarrier |
| 490 1# - DİZİ BİLDİRİMİ |
| Dizi Bildirimi |
Yayın No ; |
| Cilt Numarası |
658. |
| 490 1# - DİZİ BİLDİRİMİ |
| Dizi Bildirimi |
Uluslarası İlişkiler No ; |
| Cilt Numarası |
012. |
| 500 ## - GENEL NOT |
| Genel Not |
Kaynakça var. |
| 650 #0 - KONU BAŞLIĞI EK GİRİŞ - KONU TERİMİ |
| Konusal terim veya coğrafi ad |
Asia, Central--Politics and government |
| 9 (RLIN) |
27505 |
| 650 #0 - KONU BAŞLIĞI EK GİRİŞ - KONU TERİMİ |
| Konusal terim veya coğrafi ad |
Turkey--Foreign economic relations--Former Soviet Republics |
| 9 (RLIN) |
95359 |
| 650 #0 - KONU BAŞLIĞI EK GİRİŞ - KONU TERİMİ |
| Konusal terim veya coğrafi ad |
Asia, Central--Foreign economic relations--Turkey |
| 9 (RLIN) |
95360 |
| 650 #0 - KONU BAŞLIĞI EK GİRİŞ - KONU TERİMİ |
| Konusal terim veya coğrafi ad |
Eurasia--Politics and government |
| 9 (RLIN) |
58721 |
| 650 #0 - KONU BAŞLIĞI EK GİRİŞ - KONU TERİMİ |
| Konusal terim veya coğrafi ad |
Europe--Foreign economic relations--Eurasia |
| 9 (RLIN) |
95361 |
| 650 #0 - KONU BAŞLIĞI EK GİRİŞ - KONU TERİMİ |
| Konusal terim veya coğrafi ad |
Eurasia--Foreign economic relations--Europa |
| 9 (RLIN) |
95362 |
| 650 #0 - KONU BAŞLIĞI EK GİRİŞ - KONU TERİMİ |
| Konusal terim veya coğrafi ad |
Asya, Orta--Politika ve yönetim |
| 9 (RLIN) |
95363 |
| 650 #0 - KONU BAŞLIĞI EK GİRİŞ - KONU TERİMİ |
| Konusal terim veya coğrafi ad |
Türkiye--Dış ekonomik ilişkiler--Eski Sovyet Cumhuriyetleri |
| 9 (RLIN) |
95364 |
| 650 #0 - KONU BAŞLIĞI EK GİRİŞ - KONU TERİMİ |
| Konusal terim veya coğrafi ad |
Asya, Orta--Dış ekonomik ilişkiler--Türkiye |
| 9 (RLIN) |
95365 |
| 650 #0 - KONU BAŞLIĞI EK GİRİŞ - KONU TERİMİ |
| Konusal terim veya coğrafi ad |
Avrasya--Politika ve yönetim |
| 9 (RLIN) |
95366 |
| 650 #0 - KONU BAŞLIĞI EK GİRİŞ - KONU TERİMİ |
| Konusal terim veya coğrafi ad |
Avrupa--Dış ekonomik ilişkiler--Avrasya |
| 9 (RLIN) |
95367 |
| 650 #0 - KONU BAŞLIĞI EK GİRİŞ - KONU TERİMİ |
| Konusal terim veya coğrafi ad |
Avrasya--Dış ekonomik ilişkiler--Avrupa |
| 9 (RLIN) |
95368 |
| 830 1# - SERİ EK GİRİŞİ - TEKBİÇİM ESER ADI |
| Tekbiçim Başlık |
Yayın No ; |
| Volume number/sequential designation |
658. |
| 9 (RLIN) |
1861 |
| 830 1# - SERİ EK GİRİŞİ - TEKBİÇİM ESER ADI |
| Tekbiçim Başlık |
Uluslarası İlişkiler No ; |
| Volume number/sequential designation |
012. |
| 9 (RLIN) |
95369 |
| 942 ## - EK GİRİŞ ÖGELERİ (KOHA) |
| Source of classification or shelving scheme |
Library of Congress Classification |
| Koha item type |
Book |